Оценка системы экологического менеджмента на предприятии "Газпром трансгаз Югорск"; Проблемы геологии и освоения недр; Т. 2

Dades bibliogràfiques
Parent link:Проблемы геологии и освоения недр: труды XXI Международного симпозиума имени академика М. А. Усова студентов и молодых ученых, посвященного 130-летию со дня рождения профессора М. И. Кучина, Томск, 3-7 апреля 2017 г./ Национальный исследовательский Томский политехнический университет (ТПУ), Институт природных ресурсов (ИПР) ; под ред. А. С. Боева.— , 2017
Т. 2.— 2017.— [С. 779-781]
Autor principal: Арбузов Е. С.
Autor corporatiu: Национальный исследовательский Томский политехнический университет (ТПУ) Институт природных ресурсов (ИПР) Кафедра экономики природных ресурсов (ЭПР)
Altres autors: Цибульникова М. Р. Маргарита Радиевна (научный руководитель)
Sumari:Заглавие с экрана
Idioma:rus
Publicat: 2017
Col·lecció:Экономика минерального сырья и углеводородного сырья. Природоресурсное право
Matèries:
Accés en línia:http://earchive.tpu.ru/handle/11683/42268
Format: MixedMaterials Electrònic Capítol de llibre
KOHA link:https://koha.lib.tpu.ru/cgi-bin/koha/opac-detail.pl?biblionumber=623516

MARC

LEADER 00000naa2a2200000 4500
001 623516
005 20231101133251.0
035 |a (RuTPU)RU\TPU\conf\22489 
035 |a RU\TPU\conf\22488 
090 |a 623516 
100 |a 20170822d2017 k y0rusy50 ca 
101 0 |a rus 
102 |a RU 
105 |a y z 100zy 
135 |a drgn ---uucaa 
181 0 |a i  
182 0 |a b 
200 1 |a Оценка системы экологического менеджмента на предприятии "Газпром трансгаз Югорск"  |f Е. С. Арбузов  |g науч. рук. М. Р. Цибульникова 
203 |a Текст  |c электронный 
225 1 |a Экономика минерального сырья и углеводородного сырья. Природоресурсное право 
230 |a 1 компьютерный файл (pdf; 377 Kb) 
300 |a Заглавие с экрана 
320 |a [Библиогр.: с. 781 (2 назв.)] 
461 1 |0 (RuTPU)RU\TPU\conf\21932  |t Проблемы геологии и освоения недр  |o труды XXI Международного симпозиума имени академика М. А. Усова студентов и молодых ученых, посвященного 130-летию со дня рождения профессора М. И. Кучина, Томск, 3-7 апреля 2017 г.  |o в 2 т.  |f Национальный исследовательский Томский политехнический университет (ТПУ), Институт природных ресурсов (ИПР) ; под ред. А. С. Боева  |d 2017 
463 1 |0 (RuTPU)RU\TPU\conf\21938  |t Т. 2  |v [С. 779-781]  |d 2017 
610 1 |a труды учёных ТПУ 
610 1 |a электронный ресурс 
610 1 |a экологический менеджмент 
610 1 |a Газпром 
610 1 |a газотранспортные предприятия 
610 1 |a эффективность 
610 1 |a окружающая среда 
610 1 |a природоохранная деятельность 
610 1 |a международные стандарты 
610 1 |a охрана 
700 1 |a Арбузов  |b Е. С. 
702 1 |a Цибульникова  |b М. Р.  |c геолог  |c доцент Томского политехнического университета, кандидат географических наук  |f 1958-  |g Маргарита Радиевна  |2 stltpush  |4 727 
712 0 2 |a Национальный исследовательский Томский политехнический университет (ТПУ)  |b Институт природных ресурсов (ИПР)  |b Кафедра экономики природных ресурсов (ЭПР)  |h 3659  |2 stltpush  |3 (RuTPU)RU\TPU\col\18668 
801 2 |a RU  |b 63413507  |c 20171006  |g RCR 
856 4 |u http://earchive.tpu.ru/handle/11683/42268 
942 |c BK